Detalles MARC
| 000 -LEADER |
| fixed length control field |
01175cam a2200385 i 4500 |
| 001 - CONTROL NUMBER |
| control field |
0000512 |
| 003 - CONTROL NUMBER IDENTIFIER |
| control field |
DO-SdBNP |
| 005 - DATE AND TIME OF LATEST TRANSACTION |
| control field |
20171214092604.0 |
| 007 - PHYSICAL DESCRIPTION FIXED FIELD--GENERAL INFORMATION |
| fixed length control field |
0000512 |
| 008 - FIXED-LENGTH DATA ELEMENTS--GENERAL INFORMATION |
| fixed length control field |
100514s 2004 mx | |||| 000 f spa |
| 015 ## - NATIONAL BIBLIOGRAPHY NUMBER |
| National bibliography number |
|
| 017 ## - COPYRIGHT OR LEGAL DEPOSIT NUMBER |
| Copyright or legal deposit number |
|
| Assigning agency |
|
| 020 ## - INTERNATIONAL STANDARD BOOK NUMBER |
| International Standard Book Number |
9789681914745 |
| 035 ## - SYSTEM CONTROL NUMBER |
| System control number |
|
| 040 ## - CATALOGING SOURCE |
| Original cataloging agency |
BPMSU |
| Language of cataloging |
spa |
| Transcribing agency |
BPMSU |
| Description conventions |
|
| 080 ## - UNIVERSAL DECIMAL CLASSIFICATION NUMBER |
| Universal Decimal Classification number |
|
| 082 ## - DEWEY DECIMAL CLASSIFICATION NUMBER |
| Classification number |
869.342 |
| Item number |
S243e |
| 100 1# - MAIN ENTRY--PERSONAL NAME |
| Personal name |
Saramago, José, |
| Dates associated with a name |
1922-2010. |
| 240 10 - UNIFORM TITLE |
| Uniform title |
<a href="Ensaio sobre a lucidez /">Ensaio sobre a lucidez /</a> |
| Language of a work |
Español |
| 245 10 - TITLE STATEMENT |
| Title |
Ensayo sobre la lucidez / |
| Statement of responsibility, etc. |
José Saramago ; traducción Pilar del Río |
| Medium |
|
| 250 ## - EDITION STATEMENT |
| Edition statement |
|
| 260 ## - PUBLICATION, DISTRIBUTION, ETC. (IMPRINT) |
| Place of publication, distribution, etc. |
México : |
| Name of publisher, distributor, etc. |
Alfaguara, |
| Date of publication, distribution, etc. |
2004. |
| 300 ## - PHYSICAL DESCRIPTION |
| Extent |
423 p. ; |
| Dimensions |
22 cm. |
| 490 1# - SERIES STATEMENT |
| Series statement |
Biblioteca José Saramago |
| 500 ## - GENERAL NOTE |
| General note |
Incluye datos de biográficos del autor en la solapa de la cubierta |
| 500 ## - GENERAL NOTE |
| General note |
La biblioteca posee el las reimpresiones del 2007, 2009 |
| 586 ## - AWARDS NOTE |
| Awards note |
Premio Novel de Literatura |
| 650 #4 - SUBJECT ADDED ENTRY--TOPICAL TERM |
| Topical term or geographic name as entry element |
NOVELA PORTUGUESA |
| 650 #4 - SUBJECT ADDED ENTRY--TOPICAL TERM |
| Topical term or geographic name as entry element |
LITERATURA PORTUGUESA |
| 700 12 - ADDED ENTRY--PERSONAL NAME |
| Personal name |
Río, Pilar del, |
| Relator term |
tr. |
| 830 #0 - SERIES ADDED ENTRY--UNIFORM TITLE |
| Uniform title |
Biblioteca José Saramago |
| 942 ## - ADDED ENTRY ELEMENTS (KOHA) |
| Source of classification or shelving scheme |
Dewey Decimal Classification |
| Koha item type |
Libros |
| 945 ## - LOCAL PROCESSING INFORMATION (OCLC) |
| a |
Inventariado extranjero / 2017 VM |
| 956 ## - LOCAL ELECTRONIC LOCATION AND ACCESS (OCLC) |
| Host name |
VMATEO |
| Access number |
10 |
| Path |
20160927 |
| Electronic name |
BPMSU |
| Processor of request |
0069 |